000 00303nam a22001337a 4500
008 170330b xxu||||| |||| 00| 0 eng d
020 _a9780761129585
041 _aeng
080 _a616-053.2
100 _a8
101 _ashm
245 _aWHAT TO EXPECT THE FIRST YEAR
_cHATHAWAY/S
942 _2udc
_cBK
999 _c9090
_d9090